Mental health and psychiatric nursing / (Record no. 7299)

MARC details
000 -LEADER
fixed length control field 00708nam a22002057a 4500
003 - CONTROL NUMBER IDENTIFIER
control field OSt
005 - DATE AND TIME OF LATEST TRANSACTION
control field 20260112074521.0
008 - FIXED-LENGTH DATA ELEMENTS--GENERAL INFORMATION
fixed length control field 260112b |||||||| |||| 00| 0 eng d
020 ## - INTERNATIONAL STANDARD BOOK NUMBER
International Standard Book Number 0-7817-2188-1L
040 ## - CATALOGING SOURCE
Original cataloging agency DWCL-Admin lib
Transcribing agency OC
082 ## - DEWEY DECIMAL CLASSIFICATION NUMBER
Classification number Circ. 610.7368 Is73m 2001
100 ## - MAIN ENTRY--PERSONAL NAME
Personal name Isaacs, Ann
245 ## - TITLE STATEMENT
Title Mental health and psychiatric nursing /
Statement of responsibility, etc. Ann Isaacs
250 ## - EDITION STATEMENT
Edition statement 3rd ed.
260 ## - PUBLICATION, DISTRIBUTION, ETC.
Place of publication, distribution, etc. Philadelphia :
Name of publisher, distributor, etc. Lippincott Williams & Wilkins,
Date of publication, distribution, etc. c2001.
300 ## - PHYSICAL DESCRIPTION
Extent x, 325 pages :
Other physical details illustrations. ;
Dimensions 22 centimeters.
650 ## - SUBJECT ADDED ENTRY--TOPICAL TERM
Topical term or geographic name entry element 1. Mental health services-Examinations, questions, etc.
650 ## - SUBJECT ADDED ENTRY--TOPICAL TERM
Topical term or geographic name entry element 2. Psychiatry-Examinations, questions, etc.
942 ## - ADDED ENTRY ELEMENTS (KOHA)
Source of classification or shelving scheme Dewey Decimal Classification
Koha item type Book Circulation
Edition 3rd ed.
Classification part Circ.
Suppress in OPAC No
952 ## - LOCATION AND ITEM INFORMATION (KOHA)
--
952 ## - LOCATION AND ITEM INFORMATION (KOHA)
--
952 ## - LOCATION AND ITEM INFORMATION (KOHA)
--
Holdings
Withdrawn status Lost status Source of classification or shelving scheme Damaged status Not for loan Home library Current library Shelving location Date acquired Cost, normal purchase price Total Checkouts Full call number Barcode Date last seen Copy number Price effective from Koha item type Uniform Resource Identifier
    Dewey Decimal Classification     College Library HM & Nursing Library Circulation 08/13/2004 0.00   Circ. 610.7368 Is73m 2001 CL40892 01/12/2026 c3 01/12/2026 BK-CIRC
    Dewey Decimal Classification     College Library HM & Nursing Library Circulation 08/13/2004 0.00   Circ. 610.7368 Is73m 2001 CL40891 01/12/2026 c2 01/12/2026 BK-CIRC
    Dewey Decimal Classification     College Library HM & Nursing Library Circulation 08/13/2004 0.00   Circ. 610.7368 Is73m 2001 CL40890 01/12/2026 c1 01/12/2026 BK-CIRC